TEXTBOOK OF CLINICAL MEDICINE FOR DENTAL STUDENTS (Record no. 3207)
[ view plain ]
| 000 -LEADER | |
|---|---|
| fixed length control field | 00369nam a2200145Ia 4500 |
| 008 - FIXED-LENGTH DATA ELEMENTS--GENERAL INFORMATION | |
| fixed length control field | 150201s2003 xx 000 0 und d |
| 082 ## - DEWEY DECIMAL CLASSIFICATION NUMBER | |
| Classification number | 610 |
| Item number | T2003C |
| 100 ## - MAIN ENTRY--PERSONAL NAME | |
| Personal name | CHUGH, S.N. |
| 245 ## - TITLE STATEMENT | |
| Title | TEXTBOOK OF CLINICAL MEDICINE FOR DENTAL STUDENTS |
| 250 ## - EDITION STATEMENT | |
| Edition statement | 1ST |
| 260 ## - PUBLICATION, DISTRIBUTION, ETC. (IMPRINT) | |
| Name of publisher, distributor, etc. | ARYA PUBLICATION |
| Place of publication, distribution, etc. | DELHI |
| Date of publication, distribution, etc. | 2003 |
| 300 ## - PHYSICAL DESCRIPTION | |
| Extent | 1-710 |
| 650 ## - SUBJECT ADDED ENTRY--TOPICAL TERM | |
| Topical term or geographic name as entry element | MEDICINE |
| 942 ## - ADDED ENTRY ELEMENTS (KOHA) | |
| Source of classification or shelving scheme | Dewey Decimal Classification |
| Koha item type | Books |
| Koha issues (borrowed), all copies | 13 |
| Withdrawn status | Lost status | Source of classification or shelving scheme | Damaged status | Not for loan | Home library | Current library | Date acquired | Source of acquisition | Cost, normal purchase price | Serial Enumeration / chronology | SGTU | Bill Number | Total Checkouts | Full call number | Barcode | Date last seen | Date last checked out | Bill Date | Koha item type | Total Renewals |
|---|---|---|---|---|---|---|---|---|---|---|---|---|---|---|---|---|---|---|---|---|
| Dewey Decimal Classification | SGT Dental Library | SGT Dental Library | 10/03/2005 | U.B.S.DELHI | 450.00 | 1 | SGTU | 1305 | 16 | 610 T2003C | FD3281 | 02/12/2021 | 01/12/2021 | 27/04/2012 | Books | |||||
| Dewey Decimal Classification | SGT Dental Library | SGT Dental Library | 10/03/2005 | U.B.S.DELHI | 450.00 | 1 | SGTU | 1305 | 25 | 610 T2003C | FD3282 | 25/08/2025 | 25/08/2025 | 27/04/2012 | Books | |||||
| Dewey Decimal Classification | SGT Dental Library | SGT Dental Library | 10/03/2005 | U.B.S.DELHI | 450.00 | 1 | SGTU | 1305 | 24 | 610 T2003C | FD3283 | 04/08/2023 | 04/08/2023 | 27/04/2012 | Books | 1 | ||||
| Dewey Decimal Classification | SGT Dental Library | SGT Dental Library | 10/03/2005 | U.B.S.DELHI | 450.00 | 1 | SGTU | 1305 | 28 | 610 T2003C | FD3284 | 04/09/2020 | 14/03/2020 | 27/04/2012 | Books | |||||
| Dewey Decimal Classification | SGT Dental Library | SGT Dental Library | 10/03/2005 | U.B.S.DELHI | 450.00 | 1 | SGTU | 1305 | 20 | 610 T2003C | FD3285 | 20/06/2025 | 20/06/2025 | 27/04/2012 | Books | 1 |